为什么儿童会有不良行为? (Record no. 13625)

000 -LEADER
fixed length control field 00504nam a22001937a 4500
003 - CONTROL NUMBER IDENTIFIER
control field MPLRDC
005 - DATE AND TIME OF LATEST TRANSACTION
control field 20220104123720.0
008 - FIXED-LENGTH DATA ELEMENTS--GENERAL INFORMATION
fixed length control field 210129b ||||| |||| 00| 0 eng d
020 ## - INTERNATIONAL STANDARD BOOK NUMBER
International Standard Book Number 962-660-016-2
082 ## - DEWEY DECIMAL CLASSIFICATION NUMBER
Classification number 523.12 NARR
100 ## - MAIN ENTRY--PERSONAL NAME
Personal name BRUCE NARRAMORE
245 ## - TITLE STATEMENT
Title 为什么儿童会有不良行为?
Statement of responsibility, etc. 白添成、胡美华合译
250 ## - EDITION STATEMENT
Edition statement 四刷
260 ## - PUBLICATION, DISTRIBUTION, ETC.
Place of publication, distribution, etc.
Name of publisher, distributor, etc. 大光书房
Date of publication, distribution, etc. 1991
300 ## - PHYSICAL DESCRIPTION
Other physical details
490 ## - SERIES STATEMENT
Series statement 学龄儿童教育
650 ## - SUBJECT ADDED ENTRY--TOPICAL TERM
Topical term or geographic name entry element 儿童心理
942 ## - ADDED ENTRY ELEMENTS (KOHA)
Koha item type Book
-- 523.12 NARR
Holdings
Withdrawn status Lost status Source of classification or shelving scheme Damaged status Not for loan Collection code Home library Current library Shelving location Date acquired Cost, normal purchase price Total Checkouts Full call number Barcode Date last seen Date last checked out Price effective from Koha item type Public note
            Malaysian Public Library, Research and Development Centre Malaysian Public Library, Research and Development Centre   10/12/2007 15.15   523.12 NARR 00013647 17/03/2021 10/12/2007 17/03/2021 Book mplrdc

© 2022. Malaysian Public Library, Research and Development Centre. All Right ReservedE-mailmplrdc@help.edu.my 

Powered by Koha